00256nam a2200121Ia 45000030006000000080041000060400015000471000018000622450016000802600009000965460012001050050017001170STCL150530s9999 xx 000 0 und d aSTCLcSTCL aBaldwin, R.n. aNew Slavery c1953 aEnglish20220125165437.0